000 00492nam a2200193 4500
003 LK-CoMWRAF
005 20231014060329.0
008 231014b |||||||| |||| 00| 0 eng d
020 _a9789552059216
040 _aLK-CoMWRAF
_dLK-CoMWRAF
_eLK-CoMWRAF
041 _aeng
082 _a920
_bJAY
100 _aJayasena Henry
245 _aBalha gilano : The story of the cancer patient
260 _aolombo :
_bGodage,
_c2002
300 _a128p. ; 21cm
650 _aBiography
942 _cBK
999 _c3857
_d3857